EBRD Working Papers (Record no. 2006)

MARC details
000 -LEADER
fixed length control field 00452nam a22001937i 4500
001 - CONTROL NUMBER
control field 2027
003 - CONTROL NUMBER IDENTIFIER
control field OSt
005 - DATE AND TIME OF LATEST TRANSACTION
control field 20170126082302.0
007 - PHYSICAL DESCRIPTION FIXED FIELD--GENERAL INFORMATION
fixed length control field tu
008 - FIXED-LENGTH DATA ELEMENTS--GENERAL INFORMATION
fixed length control field 161220s xxu||||| |||| 00| 0 d
024 7# - OTHER STANDARD IDENTIFIER
Standard number or code 2026
Source of number or code RID
024 7# - OTHER STANDARD IDENTIFIER
Standard number or code 2027
Source of number or code RSN (alt)
040 ## - CATALOGING SOURCE
Transcribing agency OSt
110 2# - MAIN ENTRY--CORPORATE NAME
Corporate name or jurisdiction name as entry element European Bank for Reconstruction and Development (EBRD)
Relator term Ed.
245 00 - TITLE STATEMENT
Title EBRD Working Papers
260 ## - PUBLICATION, DISTRIBUTION, ETC.
Place of publication, distribution, etc. London.
300 ## - PHYSICAL DESCRIPTION
Other physical details nicht kat.
490 ## - SERIES STATEMENT
Series statement EBRD Working Papers
942 ## - ADDED ENTRY ELEMENTS (KOHA)
Koha item type Book
Holdings
Withdrawn status Lost status Damaged status Not for loan Home library Current library Shelving location Date acquired Inventory number Total Checkouts Barcode Date last seen Price effective from Koha item type
        WIIW WIIW Corridor 03/20/1995 2027   302025 01/26/2017 01/26/2017 Book
The Vienna Instiute for International Economic Studies (wiiw)